00564nam a2200157 a 450000100100000000500170001000800410002704000250006808200160009311000270010924000170013624500530015326000600020630000230026650001170028900003273120200930065811.0100222s1920 dr 001 0 spa d aDO-SdBNPbspacBNPHU axxxxbR426l1 aRepública Dominicana13a[Leyes etc.]10aLey de arancel de importación y exportación. aSanto Domingo :bImprenta de J. R. Vda García,c1920. a330 p. : ;c27 cm. aOrden ejecutiva No. 332, 25 septiembre de 1919, publicada en la Gaceta Oficial No. 3051, 1ero de octubre de 1919